000 00377nam a2200133Ia 4500
008 151001s9999||||xx |||||||||||||| ||und||
100 _aअनिल सहस्त्रबुद्धे
245 _aवावटळ
250 _a1
260 _bराजेंद्र प्रकाशन ठाणे
260 _c1987
300 _a169
365 _b18
999 _c969187
_d969184